| 000 -LEADER | |
|---|---|
| fixed length control field | 01679cam a2200325 i 4500 |
| 001 - CONTROL NUMBER | |
| control field | 19461432 |
| 003 - CONTROL NUMBER IDENTIFIER | |
| control field | OSt |
| 005 - DATE AND TIME OF LATEST TRANSACTION | |
| control field | 20250224105848.0 |
| 008 - FIXED-LENGTH DATA ELEMENTS--GENERAL INFORMATION | |
| fixed length control field | 170123t20182018at a b 001 0 eng c |
| 010 ## - LIBRARY OF CONGRESS CONTROL NUMBER | |
| LC control number | 2017931947 |
| 020 ## - INTERNATIONAL STANDARD BOOK NUMBER | |
| International Standard Book Number | 9781337117562 |
| 035 ## - SYSTEM CONTROL NUMBER | |
| System control number | (OCoLC)ocn962048801 |
| 040 ## - CATALOGING SOURCE | |
| Original cataloging agency | YDX |
| Language of cataloging | eng |
| Transcribing agency | KCST |
| 042 ## - AUTHENTICATION CODE | |
| Authentication code | pcc |
| 050 00 - LIBRARY OF CONGRESS CALL NUMBER | |
| Classification number | QA76.73.C153 |
| Item number | M268 2018 |
| 082 ## - DEWEY DECIMAL CLASSIFICATION NUMBER | |
| Classification number | 005.133 |
| Item number | Ma Cp |
| 100 1# - MAIN ENTRY--PERSONAL NAME | |
| Personal name | Malik, D. S., |
| Relator term | author. |
| 9 (RLIN) | 5428 |
| 245 10 - TITLE STATEMENT | |
| Title | C++ programming : |
| Remainder of title | program design including data structures / |
| Statement of responsibility, etc. | D.S. Malik. |
| 246 3# - VARYING FORM OF TITLE | |
| Title proper/short title | C plus plus programming : |
| Remainder of title | program design including data structures |
| 250 ## - EDITION STATEMENT | |
| Edition statement | Eighth edition. |
| 260 ## - PUBLICATION, DISTRIBUTION, ETC. | |
| Place of publication, distribution, etc. | Boston, MA: |
| Name of publisher, distributor, etc. | Cengage Learning; |
| Date of publication, distribution, etc. | 2018 |
| 300 ## - PHYSICAL DESCRIPTION | |
| Extent | xxxviii, 1679 pages : |
| Other physical details | illustrations ; |
| Dimensions | 24 cm |
| 336 ## - CONTENT TYPE | |
| Content type term | text |
| Content type code | txt |
| Source | rdacontent |
| 500 ## - GENERAL NOTE | |
| General note | Previous edition: 2015. |
| 504 ## - BIBLIOGRAPHY, ETC. NOTE | |
| Bibliography, etc. note | Includes bibliographical references (pages 1597) and index. |
| 505 0# - FORMATTED CONTENTS NOTE | |
| Formatted contents note | An overview of computers and programming languages -- Basic elements of C++ -- Input/Output -- Control structures I (Selection) -- Control structures II (Repetition) -- User-defined fuctions -- User-defined simple data types, namespaces, and the string type -- Arrays and strings -- Records (structs) -- Classes and data abstraction -- Inheritance and composition -- Pointers, classes, virtual functions, abstract classes, and lists -- Overloading and templates -- Exception handling -- Recursion -- Linked lists -- Stacks and queues -- Searching and sorting algorithms -- Binary trees -- Graphs -- Standard template library (STL). |
| 650 #0 - SUBJECT ADDED ENTRY--TOPICAL TERM | |
| Topical term or geographic name entry element | C++ (Computer program language) |
| 9 (RLIN) | 162 |
| 650 #0 - SUBJECT ADDED ENTRY--TOPICAL TERM | |
| Topical term or geographic name entry element | Computer programming. |
| 9 (RLIN) | 5429 |
| 942 ## - ADDED ENTRY ELEMENTS (KOHA) | |
| Source of classification or shelving scheme | Dewey Decimal Classification |
| Koha item type | Course Textbook |
| Withdrawn status | Lost status | Source of classification or shelving scheme | Damaged status | Not for loan | Home library | Current library | Date acquired | Cost, normal purchase price | Total checkouts | Full call number | Barcode | Date last seen | Price effective from | Koha item type | Source of acquisition |
|---|---|---|---|---|---|---|---|---|---|---|---|---|---|---|---|
| Dewey Decimal Classification | KCST Library | KCST Library | 08/11/2021 | 129.49 | 005.133 Ma Cp | 1000001007 | 08/11/2021 | 08/11/2021 | Course Textbook | ||||||
| Dewey Decimal Classification | KCST Library | KCST Library | 23/02/2022 | 129.49 | 005.133 Ma Cp | 1000001032 | 23/02/2022 | 23/02/2022 | Course Textbook | Procured | |||||
| Dewey Decimal Classification | KCST Library | KCST Library | 01/09/2025 | 25.51 | 005.133 Ma Cp | 1000001648 | 26/11/2025 | 26/11/2025 | Course Textbook | COSTHE-PO-00591 |